Radiohead Charting Songs (Billboard Hot Rock) - Statistics

General Stats
  • This quiz has been taken 41 times
    25 since last reset
  • The average score is 5 of 8
Answer Stats
Album Weeks On Peak Artist(s) Song % Correct
Pablo Honey 3 Weeks #6 Radiohead Creep
100%
OK Computer 26 Weeks #10 Radiohead Let Down
84%
A Moon Shaped Pool 9 Weeks #9 Radiohead Burn the Witch
79%
The King of Limbs 8 Weeks #41 Radiohead Lotus Flower
68%
A Moon Shaped Pool 1 Week #43 Radiohead True Love Waits
58%
A Moon Shaped Pool 2 Weeks #12 Radiohead Daydreaming
37%
OK Computer OKNOTOK 1997 2017 1 Week #48 Radiohead I Promise
32%
A Moon Shaped Pool 1 Week #24 Radiohead Ill Wind
11%
No matching quizzes found
Score Distribution
Percent of People with Each Score
Percentile by Number Answered
Your Score History
You have not taken this quiz since the last reset